[Event "BL 2016-17"]
[Site "Berlin"]
[Date "2017.04.30"]
[Round "14"]
[White "Werle, Jan"]
[Black "Schreiner, Peter"]
[Result "1-0"]
[WhiteElo "2522"]
[BlackElo "2482"]
[Annotator "TA"]
[PlyCount "55"]
[EventDate "2017.??.??"]
[EventType "team-tourn"]
[EventCountry "GER"]
[SourceTitle "playchess.com"]
[Source "ChessBase"]
[SourceQuality "1"]
[WhiteTeam "Werder Bremen"]
[BlackTeam "SF Berlin"]

{[%evp 19,55,27,21,4,35,0,74,50,62,0,0,8,9,9,78,89,133,122,129,117,127,139,151,130,122,114,206,213,625,327,544,516,914,871,845,672,1102,1077]} 1. d4 Nf6 2. c4 g6 3. Nc3 d5 4. cxd5 Nxd5 5. e4 Nxc3 6. bxc3 Bg7 7. Nf3 c5 8. Be3 Qa5 9. Qd2 O-O 10. Rc1 Nd7 11. h4 $146 {D85: Grünfeldindisch (Abtauschvariante, 7.Sf3 bzw nicht 7.Lc4)} (11. Bd3 b6 12. O-O e6 13. Qe2 Bb7 14. Nd2 Qxa2 15. Ra1 Qb2 16. Rfb1 Qxc3 17. Nc4 Nf6 18. Ra3 Nxe4 19. Bxe4 Bxe4 20. Rxc3 Bxb1 {1-0 (65) Onischuk,A (2667)-Robson,R (2668) Saint Louis 2017}) 11... e5 (11... Nf6 $5 {seems wilder.} 12. Bd3 Rd8 13. O-O Bg4 14. Qb2 Qb6) 12. Bh6 {zielt auf h5 ab.} (12. d5 $5 {feels hotter.} Nf6 13. c4 Qc7 14. Bd3 Ng4 15. h5) 12... exd4 (12... cxd4 $1 $11 {bleibt in der Remisbreite.} 13. Bxg7 (13. cxd4 Qxd2+ 14. Bxd2 exd4 $15) 13... Kxg7) 13. Bxg7 $16 {Weiß steht besser.} (13. cxd4 Qxd2+ 14. Bxd2 cxd4 $15) 13... Kxg7 14. cxd4 ({Lieber} 14. h5 $1 $14 dxc3 15. Rxc3) 14... Qxd2+ $11 15. Kxd2 Nf6 16. Bd3 $36 {[%mdl 2048] Weiss steht aktiver.} Re8 (16... cxd4 $11 {hält das Gleichgewicht.} 17. Rc7 (17. Nxd4 Rd8 18. Kc3 b5 19. Nxb5 Ba6 $17) 17... b5) 17. e5 $16 (17. dxc5 Nxe4+ 18. Bxe4 Rxe4 $17) 17... Ng4 18. Rxc5 Nxf2 {[#]} 19. Rhc1 $1 Nxd3 20. Kxd3 Be6 21. a3 Rad8 22. Rc7 Rd5 {[#]} (22... h6 $16 {kämpft weiter.}) 23. Ng5 $1 $18 {[%cal Rg5e6]} (23. Rxb7 $6 Ra5 $16) 23... Bd7 $2 (23... Kg8 24. Ne4 (24. Rxb7 Red8 $16) (24. Nxe6 fxe6 25. Rxb7 Red8 $16) 24... Bf5) 24. Ke4 (24. Rxb7 Rexe5 25. Rcc7 Bb5+ 26. Rxb5 Rxg5 $18) 24... Rd6 $2 (24... Bc6 {ist eine bessere Verteidigung.}) 25. d5 {Weiß steht klar auf Gewinn.} (25. Rxb7 h6 $18) 25... Bf5+ (25... h6 $142 26. Nxf7 (26. Rxb7 hxg5 27. Kd4 Ra6 $16) 26... Kxf7) 26. Kd4 Ra6 27. Nxf7 Kg8 28. g4 {Precision: Weiß = 79%, Schwarz = 35%.} 1-0

[Event "BL 2016-17"]
[Site "Berlin"]
[Date "2017.04.30"]
[Round "14"]
[White "Sprenger, Jan Michael"]
[Black "Efimenko, Zahar"]
[Result "0-1"]
[WhiteElo "2520"]
[BlackElo "2650"]
[Annotator "TA"]
[PlyCount "88"]
[EventDate "2017.??.??"]
[EventType "team-tourn"]
[EventCountry "GER"]
[SourceTitle "playchess.com"]
[Source "ChessBase"]
[SourceQuality "1"]
[WhiteTeam "SF Berlin"]
[BlackTeam "Werder Bremen"]

{[%evp 35,88,1,7,-54,-6,-2,0,-29,-29,-27,-50,-48,-28,-71,-110,-132,-67,-248,-217,-515,-477,-752,-730,-862,-876,-854,-347,-845,-845,-842,-835,-724,-508,-900,-726,-739,-738,-1439,-1413,-29986,-29986,-29979,-29965,-29964,-29966,-11556,-29966,-29958,-29967,-29962,-1722,-6908,-29964,-11556,-11556]} 1. e4 e5 2. Nf3 Nc6 3. Bb5 a6 4. Ba4 Nf6 5. O-O Be7 6. Re1 b5 7. Bb3 d6 8. c3 O-O 9. d4 Bg4 10. Be3 exd4 11. cxd4 Na5 12. Bc2 Nc4 13. Bc1 c5 14. b3 Nb6 15. Nbd2 Rc8 {C91: Closed Ruy Lopez: 7...d6 8 c3 0-0 9 d4} 16. h3 (16. Bb2 Nfd7 17. Qb1 g6 18. h3 Bxf3 19. Nxf3 cxd4 20. Nxd4 Bf6 21. Qd1 Ne5 22. Rc1 Bg5 23. Rb1 {½-½ (53) Giri,A (2778)-Carlsen,M (2850) London 2015}) 16... Bh5 17. a4 bxa4 18. bxa4 cxd4 {[#] LiveBook: 4 Games} 19. g4 $146 (19. Bd3 $11) (19. Bd3 a5 20. Bb2 Nfd7 21. g4 Bg6 22. Nxd4 Ne5 23. Ba6 {½-½ (43) Muzychuk,A (2566)-Timman,J (2607) Wijk aan Zee 2014}) 19... Bg6 20. Nxd4 d5 {...dxe4 is the strong threat.} 21. Nf5 Bxf5 22. exf5 Bb4 23. Bd3 {[#]} Ne4 $1 {[%mdl 512]} 24. Bxe4 (24. Nxe4 Bxe1) 24... dxe4 25. Rxe4 {[#]} a5 ({Not} 25... Rxc1 26. Rxc1 Bxd2 27. Rc6 $16) ({Black should try} 25... Bc3 $1 $17 {[%cal Rc3a1]} 26. Ra3 Ba5) 26. Qb3 $2 ({Better is} 26. Ba3 $1 $15 Qxd2 27. Qxd2 Bxd2 28. Bxf8 Kxf8 29. Kg2) 26... Rc3 $19 27. Qa2 $2 (27. Rxb4 axb4 28. Qxb4 Rxh3 29. a5) 27... Qh4 28. Nf1 (28. g5 $142 Qxh3 29. Bb2) 28... Rxh3 ({And not} 28... Qxh3 29. Bd2 $15) 29. Kg2 Rh1 {[%csl Gh1][%cal Rh4h3]} 30. Ng3 Qh3+ 31. Kf3 {intending Be3.} Rh2 32. Be3 Qg2+ 33. Ke2 Nd7 {[%cal Bb6d7,Bd7f6,Bf6d5,Bd5e3][%mdl 32]} 34. Nf1 (34. g5 $142 Rh3 35. Qb1 Rxg3 36. Qh1 Rxe3+ 37. Rxe3 Qxg5 38. Rg1 Qxf5 39. Qe4) 34... Rh3 {( -> ...Qf3+)} 35. Rf4 Nf6 36. Qc4 Nd5 37. Rd4 Nxe3 38. Nxe3 Qf3+ 39. Kd3 Qxf2 {[%csl Gf2][%cal Rh3e3]} 40. Qc1 Re8 41. Re4 Rd8+ 42. Rd4 Rxd4+ 43. Kxd4 {[#]} Rxe3 $1 {[%mdl 512]} 44. Qxe3 {[#]} Bc5+ $1 {[%mdl 512] Precision: White = 35%, Black = 98%.} 0-1

[Event "BL 2016-17"]
[Site "Berlin"]
[Date "2017.04.30"]
[Round "14"]
[White "Gabriel, Christian"]
[Black "Van Foreest, Jorden"]
[Result "1/2-1/2"]
[WhiteElo "2512"]
[BlackElo "2584"]
[Annotator "TA"]
[PlyCount "71"]
[EventDate "2017.??.??"]
[EventType "team-tourn"]
[EventCountry "GER"]
[SourceTitle "playchess.com"]
[Source "ChessBase"]
[SourceQuality "1"]
[WhiteTeam "Bayern München"]
[BlackTeam "Aufwärts Aachen"]

{[%evp 10,71,10,17,20,10,7,7,18,16,10,11,17,19,17,12,24,18,26,-16,12,12,12,9,9,5,38,31,39,54,30,41,40,47,31,38,32,36,45,8,16,12,12,9,14,12,21,0,0,0,9,9,8,4,5,0,2,0,1,1,0,1,0,2]} 1. d4 d5 2. c4 c6 3. Nf3 Nf6 4. Qb3 dxc4 5. Qxc4 Bg4 6. Nbd2 Nbd7 {D23: Queen's Gambit Accepted: 3 Nf3 Nf6 sidelines} 7. g3 (7. Ng5 e6 $15) 7... e6 8. Bg2 Be7 (8... Bd6 9. Qb3 Nb6 10. Ne5 Bh5 11. Ndc4 Bxe5 12. dxe5 Nxc4 13. Qxc4 Qa5+ 14. Bd2 Qxe5 {1-0 (50) Ivanchuk,V (2747)-Dreev,A (2652) Doha 2016}) 9. O-O O-O 10. b3 a5 11. a3 Rc8 12. Bb2 b5 13. Qc2 c5 14. Qd3 $146 (14. Rfc1 cxd4 15. Qxc8 Qxc8 16. Rxc8 Rxc8 17. Nxd4 {½-½ (30) Fish,G (2461)-Sandipan,C (2574) Germany 2015}) 14... Qb6 15. a4 bxa4 16. Rxa4 Bf5 17. e4 Nxe4 (17... Bg6 $5 {looks sharper.} 18. Ne5 cxd4 19. Nxg6 hxg6 20. Bxd4 Bc5) 18. Nxe4 {[#] Black must now prevent Nfd2.} Bxe4 19. Qxe4 {And now d5 would win.} Qxb3 20. d5 $1 {[%cal Bd4d5,Bd5e6][%mdl 32]} ({But not} 20. Rxa5 Qxb2 21. Qb1 Qxb1 22. Rxb1 Rfd8 23. dxc5 Bxc5 $17) 20... Qxb2 21. dxe6 f5 $1 {[%cal Rf5e4]} 22. Qe1 Nf6 23. Ne5 Qb3 24. Rxa5 {Black should prevent Ra6.} (24. Qxa5 $5 {creates asymmetry.} Qxe6 25. Re1 Ne4 26. Bxe4 fxe4 27. Raxe4 Bd6 28. Nc4) 24... Qxe6 {The position is equal.} 25. Nc6 Qxe1 $1 26. Rxe1 Bd6 27. Re6 Ne8 28. Na7 Rd8 29. Nc6 Rd7 30. Bd5 Kh8 31. Ne5 Rd8 $1 32. Nc4 Bxg3 33. hxg3 {[#] Hoping for Bf3.} ({Reject} 33. Rxc5 Bf4 34. Bc6 g6 $17) 33... Nc7 ({Not} 33... Rxd5 $2 34. Ra8 Kg8 35. Raxe8 $18) 34. Rxc5 Nxd5 35. Re5 Nf6 {Threatens to win with ...Nd7.} 36. Rxf5 1/2-1/2

[Event "BL 2016-17"]
[Site "Berlin"]
[Date "2017.04.30"]
[Round "14"]
[White "Lampert, Jonas"]
[Black "Breutigam, Martin"]
[Result "1/2-1/2"]
[WhiteElo "2511"]
[BlackElo "2380"]
[Annotator "TA"]
[PlyCount "41"]
[EventDate "2017.??.??"]
[EventType "team-tourn"]
[EventCountry "GER"]
[SourceTitle "playchess.com"]
[Source "ChessBase"]
[SourceQuality "1"]
[WhiteTeam "Hamburger SK"]
[BlackTeam "König Tegel"]

{[%evp 8,41,22,15,28,29,23,26,25,7,18,0,18,14,17,12,24,21,68,59,71,68,46,0,0,0,0,-44,-43,-54,0,-39,0,-58,0,-28]} 1. d4 Nf6 2. c4 e6 3. g3 Bb4+ 4. Bd2 a5 5. Bg2 d6 {E00: Catalan Bogo-Indian (3 g3 Bb4+)} (5... O-O 6. Nf3 b6 7. O-O Bb7 8. Bf4 Be7 9. Nc3 Ne4 10. Qc2 Nxc3 11. Qxc3 d6 12. Qd3 Nd7 13. e4 Bf6 14. Be3 g6 15. Rad1 Bg7 16. Rfe1 e5 17. Bg5 Qe8 18. Qd2 f6 19. Bh6 {0-1 (44) Ding,L (2781)-Wang,Y (2729) Shenzhen 2015}) 6. e3 O-O 7. Ne2 c6 {White has an edge.} 8. Nbc3 $146 (8. O-O d5 9. Bxb4 axb4 10. Nd2 Nbd7 11. Qb3 Qe7 12. Nf4 b6 13. Nd3 {½-½ (77) Zelesco,K (2272)-Schon,E (2327) Melbourne 2015}) 8... b6 9. d5 Bb7 {[%cal Rc6d5]} 10. O-O cxd5 11. cxd5 Bxc3 12. Nxc3 e5 13. a3 Na6 14. Rb1 a4 15. b4 axb3 $1 16. Qxb3 Nc5 17. Qb4 Ba6 18. Nb5 Bb7 19. Nc3 Ba6 20. Nb5 Bb7 21. Nc3 {Precision: White = 78%, Black = 56%.} 1/2-1/2

[Event "BL 2016-17"]
[Site "Berlin"]
[Date "2017.04.30"]
[Round "14"]
[White "Rabiega, Robert"]
[Black "Kempinski, Robert"]
[Result "1/2-1/2"]
[WhiteElo "2510"]
[BlackElo "2594"]
[Annotator "TA"]
[PlyCount "75"]
[EventDate "2017.??.??"]
[EventType "team-tourn"]
[EventCountry "GER"]
[SourceTitle "playchess.com"]
[Source "ChessBase"]
[SourceQuality "1"]
[WhiteTeam "König Tegel"]
[BlackTeam "Hamburger SK"]

{[%evp 20,75,0,0,0,-6,0,0,8,0,0,0,0,0,0,0,0,0,0,0,11,0,0,0,0,0,2,0,0,0,12,16,13,13,13,0,0,0,7,0,0,0,0,0,4,11,39,34,53,53,79,66,92,95,90,4,23,4]} 1. e4 c5 2. c3 Nf6 3. e5 Nd5 4. d4 cxd4 5. cxd4 d6 6. Nf3 Nc6 7. Bc4 Nb6 8. Bb5 dxe5 9. Nxe5 Bd7 10. Nxd7 Qxd7 11. Nc3 Rd8 {B22: Sicilian: 2 c3} (11... e6 12. O-O Be7 13. Qg4 O-O 14. Bxc6 bxc6 15. Bh6 Bf6 16. Rad1 Kh8 17. Ne4 Qe7 18. Bf4 Rad8 19. Qg3 Rg8 20. Bd6 Qd7 21. Bc7 Rc8 {1-0 (83) Vajda,L (2596)-Markos,J (2572) Slovakia 2017}) 12. Be3 e6 13. O-O Be7 {The position is equal.} 14. Qb3 O-O 15. Rfd1 Qc8 16. Rac1 ({Don't play} 16. d5 Na5 17. Qc2 Nxd5 18. Bxa7 b6 $17) 16... Na5 17. Qc2 Nac4 18. Qe2 {[#] Threatens to win with Ne4.} Nxe3 19. Qxe3 Qb8 $146 (19... h6 20. Qe4 {½-½ (31) Bernad Suarez,A (2170)-Cardoso Garcia,S (2235) ICCF email 2014}) 20. g3 Bb4 21. Qe4 g6 22. h4 Rc8 23. Kg2 Bxc3 24. bxc3 {[%cal Bb2c3,Bc3c4][%mdl 32]} Nd5 25. c4 Nf6 26. Qf3 Kg7 27. Ba4 Rfd8 28. Bb3 b6 29. c5 bxc5 30. dxc5 Rxd1 31. Qxd1 Qe5 32. c6 Rc7 33. Kg1 h5 34. Qd2 Rc8 35. Bd1 Nd5 36. Bf3 Rc7 37. Bxd5 ({White should try} 37. a4 $16) 37... Qxd5 38. Qxd5 1/2-1/2

[Event "BL 2016-17"]
[Site "Berlin"]
[Date "2017.04.30"]
[Round "14"]
[White "Kindermann, Stefan"]
[Black "Parligras, Mircea-Emilian"]
[Result "0-1"]
[WhiteElo "2509"]
[BlackElo "2605"]
[Annotator "TA"]
[PlyCount "54"]
[EventDate "2017.??.??"]
[EventType "team-tourn"]
[EventCountry "GER"]
[SourceTitle "playchess.com"]
[Source "ChessBase"]
[SourceQuality "1"]
[WhiteTeam "Zugzwang München"]
[BlackTeam "SG Trier"]

{[%evp 14,54,6,5,0,0,0,0,0,0,0,0,0,0,0,0,0,0,-8,0,13,13,12,0,8,-7,-6,0,0,-83,-83,-61,-70,-67,-67,-185,-185,-185,-185,-185,-185,-575,-557]} 1. d4 Nf6 2. Bg5 e6 3. e4 h6 4. Bxf6 Qxf6 5. c3 d5 {A45: Trompowsky Attack} (5... d6 6. Bd3 g6 7. Ne2 Bg7 8. O-O Qe7 9. f4 Nd7 10. Nd2 e5 11. Nf3 exd4 12. cxd4 O-O 13. Qd2 c5 14. Rae1 cxd4 15. Nexd4 {1-0 (32) Moiseenko,A (2657)-Aleksandrov,A (2574) Doha 2016}) 6. Nd2 c5 7. Ngf3 cxd4 8. Nxd4 {LiveBook: 9 Games} Bc5 9. N2b3 Bb6 10. Bb5+ Bd7 11. Bxd7+ Nxd7 12. exd5 Qe5+ 13. Ne2 exd5 $40 {[%mdl 128] White needs to defend precisely.} 14. O-O $146 O-O 15. Ned4 Rfe8 16. Re1 Qf6 17. Qf3 Qg5 18. Rad1 Rad8 19. g3 Ne5 20. Qe2 {[#] And now f4 would win.} Qg6 21. f4 (21. Nf3 $11 Nxf3+ 22. Qxf3) 21... Nd3 $1 $17 {[%cal Rd3e1]} 22. Qxe8+ Rxe8 23. Rxe8+ Kh7 24. Rf1 (24. f5 $15 Qxf5 25. Rf1) 24... Nxb2 $19 25. f5 Qf6 26. Kg2 {[#]} a5 $1 27. Nb5 $2 (27. Re2 Nc4 28. Rf4) 27... Qc6 $1 {[%csl LRb5,LRe8] Precision: White = 75%, Black = 83%.} 0-1

[Event "BL 2016-17"]
[Site "Berlin"]
[Date "2017.04.30"]
[Round "14"]
[White "Zaragatski, Ilja"]
[Black "Belezky, Alexander"]
[Result "0-1"]
[WhiteElo "2509"]
[BlackElo "2398"]
[Annotator "TA"]
[PlyCount "79"]
[EventDate "2017.??.??"]
[EventType "team-tourn"]
[EventCountry "GER"]
[SourceTitle "playchess.com"]
[Source "ChessBase"]
[SourceQuality "1"]
[WhiteTeam "Aufwärts Aachen"]
[BlackTeam "Bayern München"]

{[%evp 11,79,20,14,15,47,18,27,27,12,-17,-15,-56,-72,-51,-58,-66,-5,-55,-60,-63,-51,-52,-52,-71,-58,-62,-57,-76,-39,-102,-99,-107,-75,-141,-131,-160,-79,-86,-30,-33,-35,-168,-140,-160,-133,-147,-83,-104,-94,-86,-64,-80,-66,-75,-67,-94,0,-145,-35,-22,0,0,60,64,85,64,62,76,381,68]} 1. Nf3 Nf6 2. g3 b5 {[%cal Bb7b5,Bb5b4][%mdl 32]} 3. Bg2 Bb7 4. Na3 {[%cal Bb1a3,Ba3c2,Bc2e3,Be3f5][%mdl 32]} a6 {[%cal Ba7a6,Ba6a5,Ba5a4][%mdl 32]} 5. c4 b4 6. Nc2 a5 {LiveBook: 3 Games. A05: Réti Opening: 1 Nf3 Nf6} (6... e6 7. d4 Be4 8. O-O Be7 9. a3 bxa3 10. Nxa3 c5 11. dxc5 Bxc5 12. Nb1 O-O 13. Nc3 Bb7 14. Bf4 {½-½ (47) Artemiev,V (2677)-Georgiev,K (2633) Skopje 2017}) 7. d4 $146 (7. O-O e6 8. d4 Be7 9. d5 Na6 10. Nfd4 Nc5 11. dxe6 fxe6 12. Bxb7 Nxb7 13. Bf4 O-O 14. Nb5 {1-0 (39) Neiksans,A (2559)-Kulaots,K (2563) Wroclaw 2014}) 7... Be4 8. a3 b3 {The position is equal.} 9. Ne3 a4 $1 10. g4 h6 11. Nf5 Nxg4 12. Ng3 Bc2 13. Qd2 Nf6 (13... h5 $15) 14. e4 Bxe4 15. Nxe4 Nxe4 16. Qd3 Nf6 $1 17. Ne5 Ra6 18. Ng6 Rg8 19. Bd2 d6 20. O-O-O (20. O-O $15) 20... Qc8 $17 21. Nf4 g5 22. Ne2 ({White should try} 22. Nd5 Nxd5 23. cxd5) 22... Nbd7 23. Ng3 e6 (23... c5 $142 24. Bc3 cxd4 25. Bxd4 h5) 24. h4 c5 (24... c6 $17) 25. hxg5 hxg5 {Hoping for ...cxd4.} 26. Rhe1 (26. d5 $1 $15) 26... cxd4 $1 $19 27. Qxd4 d5 {...Bc5 is the strong threat.} 28. Bc3 {[%cal Rc4d5]} Qxc4 (28... Bc5 $142 29. Qd2 Bd6) 29. Qxc4 $17 dxc4 30. Rd4 Nc5 31. Kb1 Nfd7 32. Rxc4 g4 33. Bb4 {[#] Black should prevent Ne4.} Be7 (33... f6 $1 $17) 34. Rd1 {[#]} (34. Ne4 $11 {remains equal.}) 34... Rg5 ({Black should play} 34... f5 $1 $17 35. Rh1 Kf7) 35. Ne4 $15 Re5 {And now ...Nxe4 would win.} 36. Rh1 $1 $36 {[%cal Rh1h8][%mdl 2048] White has some pressure.} Kf8 (36... Bd6 $11 37. Nxd6+ Rxd6) 37. Bc3 $14 {aiming for Nxc5.} Nxe4 $1 38. Rc8+ ({Much weaker is} 38. Rxe4 $6 Bd6 $11) 38... Kg7 39. Bxe4 $1 {Threatens to win with Rg1.} Bd6 $2 {[%mdl 8192]} (39... Rd6 $16 {is tougher.}) 40. Rd1 $2 {[%mdl 32768] Precision: White = 42%, Black = 44%. . Loss on Time!?} ({White must play} 40. Rd8 $18 Ra7 41. Bc6) 0-1

[Event "BL 2016-17"]
[Site "Berlin"]
[Date "2017.04.30"]
[Round "14"]
[White "Gonda, Laszlo"]
[Black "Gerigk, Erasmus"]
[Result "1-0"]
[WhiteElo "2485"]
[BlackElo "2342"]
[Annotator "TA"]
[PlyCount "47"]
[EventDate "2017.??.??"]
[EventType "team-tourn"]
[EventCountry "GER"]
[SourceTitle "playchess.com"]
[Source "ChessBase"]
[SourceQuality "1"]
[WhiteTeam "SG Trier"]
[BlackTeam "Zugzwang München"]

{[%evp 2,2,21]} 1. Nf3 Nf6 2. c4 $146 ({Predecessor (8):} 2. g3 e6 3. Bg2 d5 4. O-O c5 5. d4 cxd4 6. Nxd4 e5 7. Nb3 Be6 8. Nc3 Be7 9. f4 exf4 10. gxf4 g6 11. Nd4 Nc6 12. Nxe6 fxe6 13. e3 O-O 14. Ne2 Bd6 15. c3 Qe7 16. Bd2 {½-½ (53) Gledura,B (2585)-Moiseenko,A (2648) Bastia 2016}) 2... e6 3. g3 d5 4. d4 Be7 5. Bg2 O-O 6. O-O dxc4 7. Qc2 a6 8. a4 Bd7 9. Qxc4 Bc6 10. Bg5 a5 11. Nc3 Na6 12. Rfd1 Qd6 13. e3 Qb4 14. Qe2 h6 15. Bxf6 Bxf6 16. Ne1 Bxg2 17. Kxg2 Rfd8 18. Nd3 Qc4 19. Rac1 Rd7 20. Qf3 c6 21. Ne4 Qd5 22. Nf4 Qb3 23. Nxf6+ gxf6 24. Nh5 1-0

[Event "BL 2016-17"]
[Site "Berlin"]
[Date "2017.04.30"]
[Round "14"]
[White "Hertneck, Gerald"]
[Black "Bobras, Piotr"]
[Result "1/2-1/2"]
[WhiteElo "2485"]
[BlackElo "2522"]
[Annotator "TA"]
[PlyCount "40"]
[EventDate "2017.??.??"]
[EventType "team-tourn"]
[EventCountry "GER"]
[SourceTitle "playchess.com"]
[Source "ChessBase"]
[SourceQuality "1"]
[WhiteTeam "Zugzwang München"]
[BlackTeam "SG Trier"]

{[%evp 18,40,0,0,4,0,6,0,24,9,11,0,0,0,7,0,0,0,0,0,0,0,0,0,0]} 1. d4 d5 2. Nf3 Nf6 3. c4 c6 4. cxd5 cxd5 5. Nc3 Nc6 6. Bf4 Bf5 7. e3 e6 8. Bd3 Bxd3 9. Qxd3 Be7 10. Qb5 {LiveBook: 3 Games. D14: Slav Defence: Exchange variation with ...Bf5} Qc8 $146 (10... Qd7 11. O-O O-O 12. Rfc1 a6 {½-½ (12) Azmaiparashvili,Z (2693)-Topalov,V (2735) Benidorm 2003}) 11. O-O a6 12. Qd3 b5 {[%cal Bb7b5,Bb5b4][%mdl 32]} 13. Rfc1 {[#] And now Nxb5! would win.} Qb7 {The position is equal.} 14. Ne5 Nxe5 15. Bxe5 O-O 16. Bxf6 Bxf6 17. a4 {[%cal Ra4b5]} b4 18. Ne2 Rfc8 19. b3 Be7 20. Qd1 Bd6 1/2-1/2

[Event "BL 2016-17"]
[Site "Berlin"]
[Date "2017.04.30"]
[Round "14"]
[White "Hausrath, Daniel"]
[Black "Nemeth, Miklos"]
[Result "1/2-1/2"]
[WhiteElo "2480"]
[BlackElo "2449"]
[Annotator "TA"]
[PlyCount "91"]
[EventDate "2017.??.??"]
[EventType "team-tourn"]
[EventCountry "GER"]
[SourceTitle "playchess.com"]
[Source "ChessBase"]
[SourceQuality "1"]
[WhiteTeam "Mülheim Nord"]
[BlackTeam "Speyer-Schwegenheim"]

{[%evp 17,91,17,20,13,18,0,0,0,11,6,8,12,6,0,1,0,12,0,58,72,66,62,90,84,92,85,102,27,83,36,9,0,0,-14,0,0,37,5,107,102,95,83,125,62,136,130,207,172,208,137,139,126,192,73,70,-43,29,8,67,20,46,8,117,91,87,8,8,8,8,8,8,8,8,8,8,8]} 1. Nf3 Nf6 2. g3 b6 3. Bg2 Bb7 4. O-O e6 5. c4 Be7 6. d4 O-O 7. Re1 Na6 8. Nc3 Ne4 {E18: Queen's Indian: Old Main Line (4 g3 Bb7 5 Bg2 Be7 6 0-0 0-0 7 Nc3)} 9. Nxe4 ({Relevant:} 9. Bf4 Nxc3 10. bxc3 Be4 11. h4 c5 12. d5 d6 13. dxe6 fxe6 14. Ng5 Bxg2 15. Nxe6 Qc8 16. Nxf8 {0-1 (24) Vidit,S (2689)-Inarkiev,E (2709) Doha 2016}) 9... Bxe4 {LiveBook: 52 Games} 10. a3 Bf6 11. Nh4 $146 ({Predecessor:} 11. Qa4 Qc8 12. Ne5 Bxg2 13. Kxg2 Qb7+ 14. f3 Bxe5 15. dxe5 Rad8 16. Bg5 {1-0 (37) Dargel,M-Abtahi,M Ruhrgebiet 1998}) 11... Bxg2 12. Nxg2 d6 13. e4 c5 14. d5 Nc7 15. a4 a6 16. Nf4 Re8 17. Ra3 (17. Rb1 $5 {looks sharper.} Bd4 18. Bd2 b5 19. b3 Qd7 20. Qc2) 17... b5 (17... Rb8 $11) 18. axb5 axb5 19. Rxa8 Nxa8 20. dxe6 fxe6 21. cxb5 Nb6 22. Nh5 (22. Qb3 $16) 22... Bd4 $11 23. Qg4 Qe7 24. Kg2 Qf7 25. Rf1 Kh8 26. Nf4 Qd7 27. Qe2 c4 (27... e5 $11 28. Nh3 (28. Nd5 Nxd5 29. exd5 Kg8 $11) 28... h6) 28. Qh5 $16 Kg8 29. h4 Be5 30. Nh3 (30. Be3 $16 Nc8 31. b6) 30... g6 (30... Na4 $14) 31. Qg4 $1 Na4 (31... Bg7 $16) 32. h5 $18 Qg7 33. hxg6 Qxg6 {[#]} 34. Qe2 $1 c3 (34... Nc5 $16) 35. b3 (35. Nf4 $18 {is more deadly.} Qf7 36. bxc3) 35... Nc5 $16 36. f4 (36. Re1 $1 $14) 36... Bg7 (36... Nxe4 $15 37. Rf3 Bg7) 37. e5 d5 (37... dxe5 $11 38. fxe5 Nxb3) 38. b4 Ne4 39. Qd3 Qf5 (39... Rd8 $1 $11 {keeps the balance.}) 40. b6 Bf8 {[#]} 41. Ng5 ({White should try} 41. Qd4 $1 $16) 41... Nxg5 $11 {The position is equal.} 42. Qxf5 exf5 43. fxg5 d4 {White must now prevent ...d3.} 44. Rd1 ({Don't go for} 44. Rxf5 $2 d3 45. Kf2 Bxb4 $19) 44... Rxe5 45. Rxd4 {Threatens to win with b7.} Rb5 46. Rc4 1/2-1/2

[Event "BL 2016-17"]
[Site "Berlin"]
[Date "2017.04.30"]
[Round "14"]
[White "Kovacs, Gabor"]
[Black "Dinstuhl, Volkmar"]
[Result "1-0"]
[WhiteElo "2464"]
[BlackElo "2397"]
[Annotator "TA"]
[PlyCount "61"]
[EventDate "2017.??.??"]
[EventType "team-tourn"]
[EventCountry "GER"]
[SourceTitle "playchess.com"]
[Source "ChessBase"]
[SourceQuality "1"]
[WhiteTeam "Speyer-Schwegenheim"]
[BlackTeam "Mülheim Nord"]

{[%evp 18,61,35,32,58,19,54,41,57,63,62,45,39,62,54,52,63,66,51,39,164,149,167,175,168,179,177,174,166,158,153,152,203,225,192,198,352,332,345,210,205,168,403,0,841,628]} 1. d4 Nf6 2. c4 e6 3. Nc3 Bb4 4. e3 O-O 5. Bd3 d5 6. Nf3 Nc6 7. O-O a6 8. a3 dxc4 9. Bxc4 Bd6 10. Qc2 {LiveBook: 12 Games. E51: Nimzo-Indian: Rubinstein: 4...0-0 5 Nf3 d5} Qe7 (10... e5 11. h3 Bd7 12. Rd1 exd4 13. exd4 h6 14. Be3 Ne7 15. Ne5 b5 16. Ba2 c6 17. Ne4 Nxe4 18. Qxe4 Bf5 19. Qf3 {1-0 (37) Mamedyarov,S (2768)-Inarkiev,E (2709) Doha 2016}) 11. Bd2 h6 $146 (11... e5 12. Ng5 g6 13. d5 Nb8 14. e4 b5 15. Ba2 {½-½ (29) Chevannes,S (2173)-Rogers,J (2277) England 2015}) 12. Rfe1 {White is slightly better.} Bd7 13. e4 {[%cal Be3e4,Be4e5][%mdl 32] And now e5 would win.} e5 $1 14. Nd5 Qd8 15. Rac1 Nxd5 16. Bxd5 exd4 17. e5 Be7 18. Qb3 {[%mdl 1024] White has compensation.} Be8 (18... Rb8 $1 $14) 19. Be4 $1 $18 Qc8 {[#]} 20. Bc2 $1 Bd7 21. Qd3 {[%csl Gc2][%cal Rd3h7]} g6 22. Bxh6 $40 {[%mdl 128] Black is in trouble.} Bf5 23. Qd2 Rd8 24. Ba4 d3 (24... Rb8 $16 25. Bg5 (25. Bxc6 bxc6 26. Qf4 c5 $16) 25... Qd7 26. Bxe7 Qxe7 27. Bxc6 bxc6 28. Nxd4 (28. Rxc6 Rb6 29. Rcc1 d3 $16) 28... Qd7) 25. Bxc6 (25. e6 $6 Bxe6 26. Bxc6 bxc6 $16) 25... bxc6 26. Rxc6 {Black must now prevent e6!} Qb7 $2 (26... Rd5 27. Qc3 Bf8) 27. Qc3 Rac8 28. h3 Be6 29. Rc1 Bd5 $2 (29... Qb5 30. Rxc7 (30. Nd4 Qxe5 31. Nxe6 Qxc3 32. R1xc3 fxe6 $16) 30... Rxc7 31. Qxc7 Rd7 32. Qc8+ Rd8) 30. Rxc7 $2 ({Only move:} 30. e6 $1 $18 {[%csl Gh6][%cal Rc3g7]} f6 {[#]} 31. Qxd3 $1 {[%mdl 512]} (31. Rxc7 Rxc7 32. Qxc7 Bxf3 $11)) 30... Bxf3 $2 {[%mdl 8192]} (30... Rxc7 $11 31. Qxc7 Bxf3) 31. Rxc8 1-0